000 00314nam a2200133Ia 4500
005 20251222153622.0
008 251222s9999||||xx |||||||||||||| ||spa||
082 _a869.509.2/B25
100 _aBazan Vera, Blasco
245 0 _aLiteratura LiberteƱa
250 _a1ra.ed.
264 _bEl Ovalo S.A.
942 _cLIB
999 _c32019
_d32019